000
00331nam a22001457a 4500
003
OSt
005
20211231131934.0
008
211231b |||||||| |||| 00| 0 eng d
020
_a
139780538747578
040
_c
HU
082
_2
4th
_a
006.7
100
_a
Sklar
_9
26617
245
_a
Principles Of Web Design
942
_2
ddc
_c
BOOKS
_n
0
999
_c
25546
_d
25546